Cautiverio y trabajos de Diego Galán, natural de Consuegra y vecino de Toledo : (Record no. 181607)

MARC details
000 -LEADER
campo de control de longitud fija 00922nam a22002171i 4500
001 - NÚMERO DE CONTROL
campo de control 181607
003 - IDENTIFICADOR DE NÚMERO DE CONTROL
campo de control ES-MaACL
005 - FECHA Y HORA DE LA ÚLTIMA TRANSACCIÓN
campo de control 20250913172602.0
008 - DATOS DE LONGITUD FIJA--INFORMACIÓN GENERAL
campo de control de longitud fija 130222s1913 sp |||| | spa d
080 ## - NÚMERO DE LA CLASIFICACIÓN DECIMAL UNIVERSAL
Número de la Clasificación Decimal Universal 821.134.2-94"16"
100 1# - ENTRADA PRINCIPAL--NOMBRE DE PERSONA
Nombre de persona Galán, Diego,
Fechas asociadas al nombre fl. 1589-1600
9 (RLIN) 152347
245 10 - MENCIÓN DEL TÍTULO
Título Cautiverio y trabajos de Diego Galán, natural de Consuegra y vecino de Toledo :
Resto del título 1589-1600 /
Mención de responsabilidad, etc. los publica la Sociedad de Bibliófilos Españoles ; [introducción por Manuel Serrano y Sanz].
260 ## - PUBLICACIÓN, DISTRIBUCIÓN, ETC.
Lugar de publicación, distribución, etc. Madrid :
Nombre del editor, distribuidor, etc. Sociedad de Bibliófilos Españoles,
Fecha de publicación, distribución, etc. 1913 (
Fabricante Imp. Ibérica])
300 ## - DESCRIPCIÓN FÍSICA
Extensión XCV, 448 p. ;
Dimensiones 24 cm.
490 1# - MENCIÓN DE SERIE
Mención de serie Sociedad de Bibliófilos Españoles ;
Designación de volumen o secuencia 37
700 1# - ENTRADA AGREGADA--NOMBRE PERSONAL
Nombre de persona Serrano y Sanz, Manuel,
Fechas asociadas al nombre 1868-1932
9 (RLIN) 105809
710 2# - ENTRADA AGREGADA--NOMBRE DE ENTIDAD CORPORATIVA
Nombre de entidad corporativa o nombre de jurisdicción como elemento de entrada Sociedad de Bibliófilos Españoles.
9 (RLIN) 6661
830 10 - PUNTO DE ACCESO ADICIONAL DE SERIE-TÍTULO UNIFORME
Título uniforme Sociedad de Bibliófilos Españoles
Designación de volumen o secuencia 37
9 (RLIN) 187662
852 4# - LOCALIZACIÓN
Ubicación ES-MaACL
Número de control de estantería J-7(37)
Holdings
Estatus retirado Estado de pérdida Estado de daño No para préstamo Biblioteca de origen Biblioteca actual Ubicación en estantería Fecha de adquisición Fuente de adquisición Total de préstamos Signatura topográfica completa Código de barras Visto por última vez Precio de reemplazo Tipo de ítem Koha
        Biblioteca del Ateneo de Madrid Biblioteca del Ateneo de Madrid Depósito 2 22/02/2013     J-7(37) 1190851 23/02/2023 23/02/2023 Libro impreso